00513nam a2200157Ia 4500008004100000041000800041082001600049100001700065245004400082250001400126260003200140300003300172365001100205999001700216952012200233240624s9999 xx 000 0 und d aeng a658.827 KAP aKAPFERER J N aNEW STRATEGIC BRAND MANAGEMENT ADVANCED a(5th ed.) c2012aNew DelhibKogan Page axviii, : 492 : p. : cm. ; 24 cRSb33 c21695d21695 00104070aIMTNbIMTNcRack 37-Ad2013-09-06eAPg595.00o658.827 KAPp21695r2024-06-24 00:00:00t1w2024-06-24yBK